00497 a2200181 4500003000500000005001700005020001800022040000900040082001500049100001900064245008100083250001100164260005000175300003800225650002500263651001100288700001600299Nust20170207154042.0 a0-7356-1579-9 cNust a005.2b7681 aJones, Anthony00aNetwork programming for Microsoft Windows(E-BOOK)cAnthony Jones, Jim Ohlund a2. ed. aRedmond, Wash. :bMicrosoft Press,ccop. 2002 axviii, 580 s. :bill. +e1 CD-ROM 0aInternet programming aE-BOOK1 aOhlund, Jim